Normal view MARC view

Entry Personal Name

Number of records used in: 1

001 - CONTROL NUMBER

  • control field: 9697

003 - CONTROL NUMBER IDENTIFIER

  • control field: DLC

005 - DATE AND TIME OF LATEST TRANSACTION

  • control field: 20231007123117.0

008 - FIXED-LENGTH DATA ELEMENTS

  • fixed length control field: 100222n| azannaabn |n aaa

010 ## - LIBRARY OF CONGRESS CONTROL NUMBER

  • LC control number: n 2010010170

035 ## - SYSTEM CONTROL NUMBER

  • System control number: (OCoLC)oca08403116

040 ## - CATALOGING SOURCE

  • Original cataloging agency: DLC
  • Language of cataloging: eng
  • Description conventions: rda
  • Transcribing agency: DLC
  • Modifying agency: DLC
  • Modifying agency: UPB

053 #0 - LC CLASSIFICATION NUMBER

  • Classification number element--single number or beginning number of span: PR6119.O455

100 1# - HEADING--PERSONAL NAME

  • Personal name: Solomons, Natasha

370 ## - ASSOCIATED PLACE

  • Other associated place: Dorset, England

374 ## - OCCUPATION

  • Occupation: Author
  • Occupation: Screenwritter

375 ## - GENDER

  • Gender: female

670 ## - SOURCE DATA FOUND

  • Source citation: Solomons, Natasha. Mr. Rosenblum dreams in English, 2010:
  • Information found: E-Cip t.p. (Natasha Solomons) data view (screenwriter)

670 ## - SOURCE DATA FOUND

  • Source citation: Solomons' WWW site, Jan. 30, 2012:
  • Information found: (Natasha Solomons; lives in Dorset [England])

Powered by Koha